El clima en crisis /
Guardado en:
| Autor Corporativo: | |
|---|---|
| Formato: | |
| Materias: | |
| Etiquetas: |
Agregar Etiqueta
Sin Etiquetas, Sea el primero en etiquetar este registro!
|
| LEADER | 00891ngm a22002535g 4500 | ||
|---|---|---|---|
| 001 | CEM.cems022796 | ||
| 008 | 130507b2000##################0###0#####d | ||
| 005 | 20241120135222.0 | ||
| 245 | 1 | 0 | |a El clima en crisis / |c Greenpeace. |
| 300 | |a 25'. | ||
| 500 | |a En soporte VHS, consultar en ventanilla. | ||
| 505 | 0 | |a El calentamiento terrestre. Contaminación ambiental. Uso racional de la energía. Energía limpia y renovable. Efecto invernadero. | |
| 538 | |a Soporte: VHS - Norma: Pal N - Color: Si - Grabación DRD 2000 - Hitachi=2500 | ||
| 110 | 2 | |a Greenpeace. | |
| 082 | 5 | 7 | |. 5/GRE |
| 653 | |a CALENTAMMIENTO GLOBAL | ||
| 653 | |a MEDIO AMBIENTE | ||
| 653 | |a CLIMA | ||
| 653 | |a EFECTO INVERNADERO | ||
| 653 | |a CONTAMINACION | ||
| 653 | |a ENERGIA | ||
| 653 | |a NIVEL PRIMARIO | ||
| 653 | |a NIVEL SECUNDARIO | ||
| 859 | |a CEMS |b BIB. CEMS - Depto. Recursos Didacticos |h 574.5 |i GRE |k DRD |p 1439.12 |t Ej.1 | ||
